[Event "Santiago de Cuba Province-ch final"]
[Site "Santiago de Cuba"]
[Date "2018.10.01"]
[Round "9"]
[White "Alcolea Gonzalez, Raul"]
[Black "Villalon Toledano, Saily"]
[Result "0-1"]
[WhiteElo "1782"]
[BlackElo "1648"]
[PlyCount "20"]
[EventDate "2018.09.26"]
[EventType "swiss"]
[EventRounds "9"]
[EventCountry "CUB"]
[SourceTitle "EXT 2021"]
[Source "ChessBase"]
[SourceDate "2020.10.23"]
[SourceVersion "1"]
[SourceVersionDate "2020.10.23"]
[SourceQuality "1"]

1. e4 e5 2. Bc4 Bc5 3. Nc3 Nf6 4. Nf3 0-0 5. d4 exd4 6. Nxd4 Re8 7. f3 d5 8. Bxd5 Nxd5 9. Nxd5 Qxd5 10. 0-0 Qxd4+ 0-1

[Event "Villa Santiago op"]
[Site "Santiago de Cuba"]
[Date "2018.08.08"]
[Round "1"]
[White "Ruiz Bisbe, Yamir"]
[Black "Alcolea Gonzalez, Raul"]
[Result "1-0"]
[WhiteElo "1981"]
[BlackElo "1783"]
[PlyCount "61"]
[EventDate "2018.08.08"]
[EventType "swiss"]
[EventRounds "7"]
[EventCountry "CUB"]
[SourceTitle "EXT 2021"]
[Source "ChessBase"]
[SourceDate "2020.10.23"]
[SourceVersion "1"]
[SourceVersionDate "2020.10.23"]
[SourceQuality "1"]

1. d4 Nf6 2. Nf3 d5 3. g3 Bg4 4. Bg2 e6 5. c4 Be7 6. 0-0 0-0 7. b3 c5 8. e3 Nbd7 9. Bb2 Rc8 10. Nbd2 Qb6 11. cxd5 exd5 12. h3 c4 13. hxg4 c3 14. Bxc3 Rxc3 15. Ne5 Qe6 16. g5 Ne4 17. Nxd7 Qxd7 18. Bxe4 dxe4 19. Nxe4 Rc6 20. Kg2 Qd5 21. Qf3 Bxg5 22. Nf6+ Bxf6 23. Qxd5 Rfc8 24. Qd7 R6c7 25. Qf5 h6 26. Rad1 Rc2 27. Rd2 R8c6 28. e4 Bd8 29. d5 R6c5 30. e5 g6 31. Qe4 1-0

[Event "Ciudad Heroe op"]
[Site "Santiago de Cuba"]
[Date "2018.02.19"]
[Round "5"]
[White "Alcolea Gonzalez, Raul"]
[Black "Villalon Toledano, Saily"]
[Result "0-1"]
[WhiteElo "1819"]
[BlackElo "1746"]
[PlyCount "42"]
[EventDate "2018.02.15"]
[EventType "swiss"]
[EventRounds "7"]
[EventCountry "CUB"]
[SourceTitle "EXT 2021"]
[Source "ChessBase"]
[SourceDate "2020.10.23"]
[SourceVersion "1"]
[SourceVersionDate "2020.10.23"]
[SourceQuality "1"]

1. e4 c5 2. Nf3 d6 3. d4 cxd4 4. Qxd4 Nc6 5. Bb5 Bd7 6. Bxc6 Bxc6 7. Nc3 Nf6 8. Bg5 e5 9. Qd1 Be7 10. 0-0 0-0 11. Bxf6 Bxf6 12. Nd5 Bxd5 13. Qxd5 Rc8 14. Rfc1 Rc6 15. c3 Qd7 16. h3 Rfc8 17. Nd2 a6 18. Nb3 b5 19. Na5 Rc5 20. Qd3 b4 21. cxb4 Rxc1+ 0-1

[Event "Ciudad Heroe op"]
[Site "Santiago de Cuba"]
[Date "2018.02.15"]
[Round "1"]
[White "Alcolea Gonzalez, Raul"]
[Black "Salina Parra, Leandro"]
[Result "0-1"]
[WhiteElo "1819"]
[BlackElo "1988"]
[PlyCount "42"]
[EventDate "2018.02.15"]
[EventType "swiss"]
[EventRounds "7"]
[EventCountry "CUB"]
[SourceTitle "EXT 2021"]
[Source "ChessBase"]
[SourceDate "2020.10.23"]
[SourceVersion "1"]
[SourceVersionDate "2020.10.23"]
[SourceQuality "1"]

1. d4 Nf6 2. c4 e6 3. Nc3 d5 4. cxd5 exd5 5. Bg5 Be7 6. e3 h6 7. Bh4 Nbd7 8. Bd3 0-0 9. Nge2 c6 10. Qc2 Re8 11. 0-0-0 b5 12. Kb1 Nb6 13. f3 Nc4 14. Qc1 Qa5 15. Ng3 Rb8 16. Bxf6 Bxf6 17. e4 b4 18. Bxc4 bxc3 19. Bb3 c5 20. dxc5 Rxb3 21. axb3 cxb2 0-1